Solution methods review of the stiff differential equations systems; Modern Techniques and Technologies (MTT' 2003)

Bibliographische Detailangaben
Parent link:Modern Techniques and Technologies (MTT' 2003).— 2003.— [P. 66-68]
1. Verfasser: Shchadenko S. V. Sergey Vladimirovich
Körperschaft: Национальный исследовательский Томский политехнический университет (ТПУ) Институт неразрушающего контроля (ИНК) Кафедра промышленной и медицинской электроники (ПМЭ)
Weitere Verfasser: Zhdaneev O. V. Oleg Valeryevich
Zusammenfassung:Title screen
In the study of the kinetics of the physical processes in a lead vapor laser, the unsteady self-consistent discharge kinetics model of the lead vapor laser is necessary. To develop this model, the stiff differential equations system is used. To increase the solution efficiency, a multistep method, called the Gear method, is recommended. The Gear method allows the integration step value to be varied in a wide range while providing calculation stability.
Режим доступа: по договору с организацией-держателем ресурса
Sprache:Englisch
Veröffentlicht: 2003
Schlagworte:
Online-Zugang:http://dx.doi.org/10.1109/SPCMTT.2003.1438133
Format: Elektronisch Buchkapitel
KOHA link:https://koha.lib.tpu.ru/cgi-bin/koha/opac-detail.pl?biblionumber=642535

MARC

LEADER 00000nla2a2200000 4500
001 642535
005 20231101134223.0
035 |a (RuTPU)RU\TPU\network\7492 
090 |a 642535 
100 |a 20150626a2003 k y0rusy50 ba 
101 0 |a eng 
102 |a RU 
105 |a a z 101zy 
135 |a drnn ---uucaa 
181 0 |a i  
182 0 |a b 
200 1 |a Solution methods review of the stiff differential equations systems  |f S. V. Shchadenko, O. V. Zhdaneev 
203 |a Text  |c electronic 
300 |a Title screen 
330 |a In the study of the kinetics of the physical processes in a lead vapor laser, the unsteady self-consistent discharge kinetics model of the lead vapor laser is necessary. To develop this model, the stiff differential equations system is used. To increase the solution efficiency, a multistep method, called the Gear method, is recommended. The Gear method allows the integration step value to be varied in a wide range while providing calculation stability. 
333 |a Режим доступа: по договору с организацией-держателем ресурса 
463 0 |0 (RuTPU)RU\TPU\network\2206  |t Modern Techniques and Technologies (MTT' 2003)  |o proceedings of the 9th International Scientific and Practical Conference of Students, Post-graduates and Young Scientists, Tomsk, 7-11 April, 2003  |f National Research Tomsk Polytechnic University (TPU) ; Institute of Electrical and Electronics Engineers (IEEE)  |v [P. 66-68]  |d 2003 
610 1 |a электронный ресурс 
610 1 |a труды учёных ТПУ 
700 1 |a Shchadenko  |b S. V.  |c an expert in the field of electronics  |c Assistant Tomsk Polytechnic University  |f 1981-  |g Sergey Vladimirovich  |2 stltpush  |3 (RuTPU)RU\TPU\pers\34922 
701 1 |a Zhdaneev  |b O. V.  |c specialist in the field of electronics  |c Assistant of Tomsk Polytechnic University, Candidate of physical and mathematical sciences  |f 1978-  |g Oleg Valeryevich  |2 stltpush  |3 (RuTPU)RU\TPU\pers\32101 
712 0 2 |a Национальный исследовательский Томский политехнический университет (ТПУ)  |b Институт неразрушающего контроля (ИНК)  |b Кафедра промышленной и медицинской электроники (ПМЭ)  |h 64  |2 stltpush  |3 (RuTPU)RU\TPU\col\18719 
801 2 |a RU  |b 63413507  |c 20150626  |g RCR 
856 4 |u http://dx.doi.org/10.1109/SPCMTT.2003.1438133 
942 |c CF